000 00456nam a2200169 i 4500
001 28421
003 ES-MaACL
005 20250815000204.0
007 t|
008 030117s1933 fr ||||1| fre d
100 1 _aBainville, Jacques,
_d1879-1936
_924735
245 1 0 _aNapoleón /
_cJacques Bainville.
260 _aParis :
_bFirmin Didot,
_c1933.
300 _a592 p. ;
_c19 cm.
852 _aES-MaACL
_jB-8888
999 _c28421
_d28421